| 000 | 00506nam a2200157 a 4500 | ||
|---|---|---|---|
| 001 | 000028849 | ||
| 005 | 20200930055157.0 | ||
| 008 | 110412s1937 dr c 000 0 spa d | ||
| 040 |
_aDO-SdBNP _bspa _cBNPHU |
||
| 082 |
_axxxx _bS232m |
||
| 100 | 1 |
_aSantana y Santana, R. _955834 |
|
| 245 | 1 | 0 |
_aMis discursos en el gobierno del generalísimo / _cR. Santana y Santana. |
| 260 |
_aSantiago de los Caballeros, República Dominicana : _bEl Diario, _c1937. |
||
| 300 |
_a50 p. : _bretr. ; _c18 cm. |
||
| 049 | _aBNPD | ||
| 999 |
_c28341 _d28341 |
||